Представление документа в формате RUSMARC

Поле Инд. ПП Название Значение
Тип записи a
Библиографический уровень a
001 Контрольный номер 0b5ae8d2f4b64dc9aba2dbdb623da57b
005 Дата корректировки 20191010133134.6
100 a Данные общей обработки 20191010 ||| 0rusy0189 ca
101 0_ a Язык текста rus
102 a Страна публикации RU
200 1_ f Первые сведения об ответственности З.А. Саидов
a Заглавие Административно-правовое обеспечение экономического правопорядка
b Общее обозначение материала Текст
210 1_ d Дата издания 2019
461 _0 1 2000
a Российская юстиция
463 _0 1 2000
a № 6
v С. 2-5
1 2101
d 2019
1 001e743adf5b57b4281beea2086c472ba79
606 a Основная рубрика Административное право
610 0_ a Ключевые слова ПРАВОПОРЯДОК
a Ключевые слова ГОСУДАРСТВЕННОЕ РЕГУЛИРОВАНИЕ
a Ключевые слова ЭКОНОМИКА
700 _1 a Фамилия Саидов
b Имя З.А.
801 _0 a Страна RU
b Организация РГУП
c Дата составления 20191010
g Правила каталогизации PSBO
801 _1 a Страна RU
b Организация РГУП
c Дата составления 20191010
g Правила каталогизации PSBO
901 t Тип документа b
w Контрольный № источника e743adf5b57b4281beea2086c472ba79
905 a Дата ввода 20191010